Wind power in view : (Record no. 13417)
[ view plain ]
| 000 -LEADER | |
|---|---|
| fixed length control field | 01399cam a22003374a 4500 |
| 001 - CONTROL NUMBER | |
| control field | 12546437 |
| 005 - DATE AND TIME OF LATEST TRANSACTION | |
| control field | 20030709193611.0 |
| 008 - FIXED-LENGTH DATA ELEMENTS--GENERAL INFORMATION | |
| fixed length control field | 010926s2002 caua 000 0 eng |
| 010 ## - LIBRARY OF CONGRESS CONTROL NUMBER | |
| LC control number | 2001096353 |
| 020 ## - INTERNATIONAL STANDARD BOOK NUMBER | |
| International Standard Book Number | 0125463340 |
| 040 ## - CATALOGING SOURCE | |
| Original cataloging agency | DLC |
| Transcribing agency | DLC |
| Modifying agency | DLC |
| 042 ## - AUTHENTICATION CODE | |
| Authentication code | pcc |
| 050 00 - LIBRARY OF CONGRESS CALL NUMBER | |
| Classification number | TJ820 |
| Item number | .W5767 2002 |
| 082 00 - DEWEY DECIMAL CLASSIFICATION NUMBER | |
| Classification number | 621.45 |
| Edition number | 21 |
| Item number | WIN |
| 245 00 - TITLE STATEMENT | |
| Title | Wind power in view : |
| Remainder of title | energy landscapes in a crowded world / |
| Statement of responsibility, etc | edited by Martin J. Pasqualetti, Paul Gipe, Robert W. Righter. |
| 260 ## - PUBLICATION, DISTRIBUTION, ETC. (IMPRINT) | |
| Place of publication, distribution, etc | San Diego : |
| Name of publisher, distributor, etc | Academic Press, |
| Date of publication, distribution, etc | c2002. |
| 300 ## - PHYSICAL DESCRIPTION | |
| Extent | xi, 234 p. : |
| Other physical details | ill. (some col.) ; |
| Dimensions | 24 cm. |
| 440 #0 - | |
| -- | Sustainable world series |
| -- | 11487 |
| 500 ## - GENERAL NOTE | |
| General note | Includes Index. |
| 650 #0 - SUBJECT ADDED ENTRY--TOPICAL TERM | |
| Topical term or geographic name as entry element | Wind power. |
| 9 (RLIN) | 11488 |
| 650 #0 - SUBJECT ADDED ENTRY--TOPICAL TERM | |
| Topical term or geographic name as entry element | Landscape design. |
| 9 (RLIN) | 11489 |
| 650 #0 - SUBJECT ADDED ENTRY--TOPICAL TERM | |
| Topical term or geographic name as entry element | Landscape architecture. |
| 9 (RLIN) | 11490 |
| 700 1# - ADDED ENTRY--PERSONAL NAME | |
| Personal name | Pasqualetti, Martin J., |
| Dates associated with a name | 1945- |
| 9 (RLIN) | 11491 |
| 700 1# - ADDED ENTRY--PERSONAL NAME | |
| Personal name | Gipe, Paul. |
| 9 (RLIN) | 11492 |
| 700 1# - ADDED ENTRY--PERSONAL NAME | |
| Personal name | Righter, Robert W. |
| 9 (RLIN) | 11493 |
| 856 42 - ELECTRONIC LOCATION AND ACCESS | |
| Materials specified | Publisher description |
| Uniform Resource Identifier | <a href="http://www.loc.gov/catdir/description/els031/2001096353.html">http://www.loc.gov/catdir/description/els031/2001096353.html</a> |
| 856 41 - ELECTRONIC LOCATION AND ACCESS | |
| Materials specified | Table of contents |
| Uniform Resource Identifier | <a href="http://www.loc.gov/catdir/toc/els031/2001096353.html">http://www.loc.gov/catdir/toc/els031/2001096353.html</a> |
| 942 ## - ADDED ENTRY ELEMENTS (KOHA) | |
| Source of classification or shelving scheme | Dewey Decimal Classification |
| Item type | Book - Borrowing |
| Withdrawn status | Item status | Source of classification or shelving scheme | Damaged status | Not for loan | Vendor | Home library | Current library | Shelving location | Date acquired | Source of acquisition | Cost, normal purchase price | Serial Enumeration / chronology | Total Checkouts | Full call number | Barcode | Date last seen | Date last borrowed | Koha item type |
|---|---|---|---|---|---|---|---|---|---|---|---|---|---|---|---|---|---|---|
| Dewey Decimal Classification | Alahram | Central Library | Central Library | First floor | 18/02/2010 | 579.90 | 36 | 2 | 621.45 WIN | 000019929 | 15/07/2025 | 03/12/2016 | Book - Borrowing |